MARC

Tag First Indicator Second Indicator Subfields
LEADER 00000cam a2200000 a 4500
001 in00002783311
005 20150922144723.0
008 120105s2012 nyua b 001 0 eng
010 |a  2011052925 
020 |a 9780230114616 (hardcover : alk. paper) 
020 |a 023011461X (hardcover : alk. paper) 
020 |a 9780230114692 (pbk. : alk. paper) 
020 |a 0230114695 (pbk. : alk. paper) 
035 |a (OCoLC)ocn757475539 
040 |a DLC  |c DLC  |d UtOrBLW 
043 |a a-ir--- 
049 |a TXAM 
050 0 0 |a DS318.825  |b .I644 2012 
082 0 0 |a 955.05/4  |2 23 
245 0 0 |a Iran :  |b from theocracy to the Green Movement /  |c edited by Negin Nabavi. 
264 1 |a New York :  |b Palgrave Macmillan,  |c 2012. 
300 |a xv, 186 pages :  |b illustrations ;  |c 24 cm. 
336 |a text  |b txt  |2 rdacontent 
337 |a unmediated  |b n  |2 rdamedia 
338 |a volume  |b nc  |2 rdacarrier 
504 |a Includes bibliographical references (pages [167]-174) and index. 
505 0 |a Part I. Religion, politics, and discourse -- The tenth presidential elections and their aftermath / Farideh Farhi -- The political economy of the Green Movement : Contestation and political mobilization in Iran / Fariba Adelkhah -- From "reform" to "rights" : Mapping a changing discourse in Iran, 1997-2009 / Negin Nabavi -- The sacred in fragments : Shi'i Iran since the 1979 Revolution / Babak Rahimi -- Part II. National ideology, the economy, and the state -- Matters of authenticity : Nationalism, Islam and ethnic diversity in Iran / Rasmus Christian Elling -- From "Enemies of the Revolution" to unfulfilled ideal : Private industrial entrepreneurs in the Islamic Republic of Iran / Kjetil Selvik -- Part III. Women, youth, and society -- The Green Movement : A struggle against Islamist patriarchy? / Fatemeh Sadeghi -- Socio-demographic changes in the family and their impact on the socio-political behavior of the youth in post-revolutionary Iran / Marie Ladier-Fouladi. 
651 0 |a Iran  |x Politics and government  |y 1979-1997. 
651 0 |a Iran  |x Politics and government  |y 1997- 
651 0 |a Iran  |x Social conditions  |y 1979-1997. 
651 0 |a Iran  |x Social conditions  |y 1997- 
650 0 |a Social change  |z Iran  |x History  |y 20th century. 
650 0 |a Social change  |z Iran  |x History  |y 21st century. 
650 0 |a Social movements  |z Iran  |x History  |y 20th century. 
650 0 |a Social movements  |z Iran  |x History  |y 21st century. 
650 0 |a Islam and politics  |z Iran  |x History  |y 20th century. 
650 0 |a Islam and politics  |z Iran  |x History  |y 21st century. 
700 1 |a Nabavi, Negin,  |d 1965- 
945 |a PromptCat  |b 99173 
946 |a stk 
947 |a A14836005792 
948 |a cataloged  |b h  |c 2012/12/4  |d c  |e dmitchel  |f 4:10:20 pm 
994 |a 92  |b TXA 
999 |a MARS 
999 f f |s c12eeef5-30da-3a26-b526-fa16222eb5fb  |i 84b5a5a3-b0e3-33eb-80e5-d94fa6981235  |t 0 
952 f f |p normal  |a Texas A&M University  |b College Station  |c Sterling C. Evans Library  |d Evans: Library Stacks  |t 0  |e DS318.825 .I644 2012  |h Library of Congress classification  |i unmediated -- volume  |m A14836005792 
998 f f |a DS318.825 .I644 2012  |t 0  |l Evans: Library Stacks